000 01182nam a22002057a 4500
003 JO-AjAnu
005 20240605110756.0
008 240401b jo ||||| |||| 00| 0 ara d
040 _aJO-AjAnu
_cJO-AjAnu
041 _aara
050 _aBP173.759
_b2023
100 1 _aالمواهرة، ايات صبحي
_965205
_eمعد
245 0 _aاثر التسهيلات المصرفية على السلوك الادخاري في المصارف الإسلامية الاردنية - الرقابة الشرعية كمتغير معدل = The Impact of Banking Facilities on Savings Behavior in Joranian Islamic Banks -Sharia Control as a Moderating Variable /
_cاعداد ايات صبحي المواهرة ؛ إشراف محمد عبد الكريم المومني
260 _c2023
300 _a102ورقة
500 _aرسالة جامعية(ماجستير).- جامعةعجلون الوطنية (عجلون، الأردن) ، كلية ا،لأعمال ، تخصص المصارف الاسلامية ، 2023.
650 7 0 _aالادخار - فقة اسلامي
_965212
700 1 _aالمومني، محمد عبدالكريم
_965206
_eمشرف
942 _2lcc
_cTHS
_n0
999 _c33383
_d33383